BIBLIOTHÈQUE DE LA MAISON DU MEXIQUE

Logo 1 Logo 2

El juego del poder y del saber (notice nᵒ 4439)

détails MARC
000 -Sello discográfico
campo de control de longitud fija 01243nam a2200325 4500
005 - Identificación de versión
campo de control 20251016083812.0
010 ## - Número Estándar Internacional de Libros (ISBN)
Número (ISBN) 968-12-0628-2
035 ## - Otros números de control del sistema
Número de control del sistema 26650
099 ## - fechas locales
Tipo de ítem Koha LIBRO
100 ## - Datos de procesamiento general
Datos de procesamiento general 19990809d1995 m y1spay5003 ba
105 ## - Campo de datos codificados: Material textual, monográfico
Datos codificados de monografía a 001zy
200 1# - Título y mención de responsabilidad
Título propio El juego del poder y del saber
Designación general del material texto impreso
Otra información del título significación, norma y poder en la Universidad de Guadalajara : socioanálisis de una institución en conflicto
Primer mención de responsabilidad Misael Gradilla Damy
205 ## - Declaración de edición
Declaración de edición 1a ed
210 ## - Publicación, distribución, etc.
Lugar de publicación, distribución, etc. México
Nombre del editor, distribuidor, etc. El Colegio de México, Centro de Estudios Sociológicos
Fecha de publicación, distribución, etc. 1995
215 ## - Descripción física
Designación de material específico y extensión del ítem 410 p
Otras características físicas il.
Dimensiones 21 cm
345 ## - Nota de información de adquisición
Fuente de adquisición/dirección de la suscripción [OBSOLETO] Donación del Colmex
601 ## - Nombre de entidad corporativa utilizado como temática
Elemento de entrada Universidad de Guadalajara
Adición al nombre o calificador Jalisco, México
Subdivisión temática Organización
Número Koha 8490
606 ## - Término temático usado como materia
Elemento de entrada Educación superior
Subdivisión geográfica Jalisco (México)
Número Koha 8491
606 ## - Término temático usado como materia
Elemento de entrada Estudiantes
Subdivisión temática Actividad política
Subdivisión geográfica Jalisco (México)
Número Koha 8492
606 ## - Término temático usado como materia
Elemento de entrada Universidades y colegios
Subdivisión geográfica Jalisco (México)
Número Koha 8493
660 ## - Código de área geográfica
Código MX
700 ## - Nombre personal - Responsabilidad primaria
Elemento de entrada Gradilla Damy
Parte del nombre distinta del elemento de entrada Misael
Número Koha 8494
801 #0 - Fuente de origen
Agencia cm
900 ## -
-- 1/19205
900 ## -
-- 7109911116\090899
942 ## - ELEMENTOS DE ENTRADA SECUNDARIOS (KOHA)
Tipo de ítem Koha Livre
996 ## -
-- MEX
-- 751145101
-- MMAG
-- 006482
-- 378.72 G732JU
-- 20220608LIV
Exemplaires
Estatus retirado Estado de daño Estado de pérdida Fecha de adquisición Biblioteca de origen Biblioteca actual Ubicación en estantería Código de barras Precio de reemplazo Signatura topográfica completa No para préstamo Tipo de ítem Koha Nota pública Nota no pública
      05/08/2025 Casa México Paris Casa México Paris   006482 05/08/2025 378.72 G732JU   Livre 20220608LIV 751145101